Central Library OPAC University of Rajshahi

Delinquency and drift. (Record no. 5098)

MARC details
000 -LEADER
fixed length control field 01029cam a22003011 4500
001 - CONTROL NUMBER
control field 5098
003 - CONTROL NUMBER IDENTIFIER
rucl marc code BD-RjUL
005 - DATE AND TIME OF LATEST TRANSACTION
control field 20211208234016.0
008 - FIXED-LENGTH DATA ELEMENTS--GENERAL INFORMATION
fixed length control field 131224s1964 nyu b 000 0 eng
020 ## - INTERNATIONAL STANDARD BOOK NUMBER
International Standard Book Number 0471577081
035 ## - SYSTEM CONTROL NUMBER
System control number (OCoLC)ocm00711202
System control number (BD-RjUL)5134
040 ## - CATALOGING SOURCE
Original cataloging agency DLC
Transcribing agency DLC
Modifying agency m.c.
-- ANC
-- ICG
-- ZCU
-- BD-RjUL
Language of cataloging eng
041 ## - LANGUAGE CODE
Language code of text/sound track or separate title eng
082 00 - DEWEY DECIMAL CLASSIFICATION NUMBER
Classification number 364.64
Author mark and year MAD 1964
100 1# - MAIN ENTRY--PERSONAL NAME
Personal name Matza, David.
9 (RLIN) 16053
245 10 - TITLE STATEMENT
Title Delinquency and drift.
Remainder of title From the research program of the Center for the Study of Law and Society, University of California, Berkeley.
Statement of responsibility, etc. by David Matza
260 ## - PUBLICATION, DISTRIBUTION, ETC. (IMPRINT)
Place of publication, distribution, etc. New York :
Name of publisher, distributor, etc. Wiley,
Date of publication, distribution, etc. 1964.
300 ## - PHYSICAL DESCRIPTION
Pagination 199 p. ;
Size 22 cm.
504 ## - BIBLIOGRAPHY, ETC. NOTE
Bibliography, etc Includes index.
650 #0 - SUBJECT ADDED ENTRY--TOPICAL TERM
Topical term or geographic name as entry element Juvenile delinquency.
9 (RLIN) 16054
Topical term or geographic name as entry element Criminal psychology.
9 (RLIN) 15011
Topical term or geographic name as entry element Deviant behavior.
9 (RLIN) 769
Topical term or geographic name as entry element Juvenile delinquency
Geographic subdivision United States.
9 (RLIN) 16055
710 2# - ADDED ENTRY--CORPORATE NAME
Corporate name or jurisdiction name as entry element University of California, Berkeley.
Subordinate unit Center for the Study of Law and Society.
9 (RLIN) 16056
942 ## - ADDED ENTRY ELEMENTS (KOHA)
Source of classification or shelving scheme Dewey Decimal Classification
Koha item type Books
Holdings
Lost status Source of classification or shelving scheme Damaged status Not for loan Collection code Permanent Location Current Location Shelving location Date acquired Source of acquisition Total Checkouts Full call number Date last seen Copy number Koha item type
  Dewey Decimal Classification   Not For Loan Non-fiction Central Library, University of Rajshahi Central Library, University of Rajshahi   09/06/1977 W. U. S Gift   364.64 MAD 1964 24/12/2013 C-1 Books
  Dewey Decimal Classification     Non-fiction Central Library, University of Rajshahi Central Library, University of Rajshahi   09/06/1977 W.U.S   364.64 MAD 1964 23/01/2017 C-2 Books